| 000 | 00534nam a22001577a 4500 | ||
|---|---|---|---|
| 005 | 20170112095634.0 | ||
| 008 | 170112b xxu||||| |||| 00| 0 eng d | ||
| 050 | _aB2794.U3 1958 | ||
| 100 |
_aKant, Immanuel _928279 |
||
| 245 |
_aDe mundi sensibilis atque intelligibilis forma et principiis _cby Kant, Immanuel |
||
| 260 |
_aHamburg _bVerlag Von Felix Meiner _c1958 |
||
| 300 |
_axvi, 104p.; _c20cm. |
||
| 440 |
_aPhilosophische bibliothek band _vn. 251 _928280 |
||
| 700 |
_aReich, Klans _eed. _928281 |
||
| 942 |
_2lcc _cMONOGRAPH |
||
| 999 |
_c125961 _d125961 |
||